Тайна Наполеона: [Исторические романы : В 4 сборниках : Пер. с фр.]; Сборник-2. Прачка-герцогиня. Римский король

Bibliografiske detaljer
Hovedforfatter: Лепеллетье Э. Эдмон
Andre forfattere: Кукаркин А. Александр (составитель)
Sprog:russisk
Udgivet: Москва, Дайджест, 1992
Fag:
Format: MixedMaterials Bog
KOHA link:https://koha.lib.tpu.ru/cgi-bin/koha/opac-detail.pl?biblionumber=115988

MARC

LEADER 00000nam0a2200000 4500
001 115988
005 20231031123029.0
010 |a 5768500081 
020 |a RU  |b 92-20325 
035 |a (RuTPU)RU\TPU\book\125498 
090 |a 115988 
100 |a 20070516g1992 m y0rusy5003 ca 
101 1 |a rus  |c fre 
102 |a RU 
105 |a a z 000ab 
200 1 |a Тайна Наполеона  |e [Исторические романы : В 4 сборниках : Пер. с фр.]  |h Сборник-2. Прачка-герцогиня. Римский король  |f Э. Лепеллетье  |g сост. А. Кукаркин 
210 |a Москва  |c Дайджест  |d 1992 
215 |d 21 см  |a 352 с.  |c ил. 
600 0 |a Наполеон Бонапарт  |d I  |c французский император  |f 1769-1821  |2 stltpush  |3 (RuTPU)RU\TPU\pers\1394 
610 1 |a французская литература 
610 1 |a Франция 
610 1 |a 19 век 
610 1 |a исторические романы 
675 |a 84  |z rus  |v 3 
700 1 |a Лепеллетье  |b Э.  |g Эдмон  |4 070 
702 1 |a Кукаркин  |b А.  |g Александр  |4 220 
801 0 |a RU  |b RuMRKP  |c 19950417  |g psbo 
801 1 |a RU  |b 63413507  |c 20070516  |g PSBO 
801 2 |a RU  |b 63413507  |c 20070820  |g PSBO 
942 |c BK